| 000 | 004100000a22001450004500 | ||
|---|---|---|---|
| 090 |
_aAR _b00111 |
||
| 245 | 1 | 0 | _aMultiple morphotypy and parallel polymorphism in some neotropical frogs |
| 650 | 1 | 4 |
_aAnfibios _992768 |
| 650 | 1 | 4 |
_aFauna _992594 |
| 650 | 1 | 4 |
_aMorfología _992917 |
| 041 | 0 | _aInglés | |
| 100 | 1 |
_aLynch, John D. _992907 |
|
| 942 | _cARTICULO | ||
| 773 | 1 |
_tSystematic Zoology _3466 _h1 _q18-23 _d1966 _g15 |
|
| 999 |
_c9212 _d9212 |
||